000 00842nam a2200265Ia 4500
003 OSt
005 20221006153551.0
006 a|||||r|||| 00| 0
007 ta
008 221006b |||||||| |||| 00| 0 eng d
020 _a0801436664
_cW 53,620
024 _a32,710
037 _bGift, 18/10/2007, Korean Embassy
_cTextual
040 _aEASL
_cEASL
_beng
041 _2eng
_aeng
082 _aX.10gY7495, N9
100 _aAlford C Fred Au.
_9664431
245 0 _aThink no evil
_b Korean values in the age of globalizaiton
260 _aIthaca
_bConell University Press USA
_c1999
300 _a218p.
_ccm.
490 _v KEL
650 _aPostmodernism-Social aspects-South Korea
_9664432
942 _hX.10gY7495, N9
_cTEXL
_2CC
999 _c1100796
_d1100796